000 01139nam a22003137a 4500
001 8420
003 FISKH
005 20250910163709.0
008 250910b cb ||||| |||| 00| 0 eng d
020 _a9780545293433
040 _aFISKH
_beng
_cFISKH
_dFISKH
050 _aPZ7.N4453 S
082 _a513.2
100 _aNeuschwander, Cindy
245 _aSir Cumference and all the king's Tens :
_bA math adventure /
_cBy Cindy Neuschwander : Illustrated by Wavne Geehan
250 _aFirst Scholastic printing, September 2010
260 _aNew York :
_bScholastic,
_c2009.
300 _a32 pages :
_bcolor illustrations ;
_c24 cm .
490 _aSir Cumference
_v6
505 _aR
520 _aWhen Sir Cumference and his wife, Lady Di of Ameter, host a massive surprise birthday party for the king, they must figure out quick a way to count all the guests that are in attendance.
521 8 _a720
_bLexile AD
521 8 _aR
_bRaz-Plus
650 _aLIving math
_vChildren's Book
650 _aCounting
_vChildren's Book
700 _aGeehan, Wayne
_eIllustrator
942 _2ddc
_cBK
_n0
999 _c8420
_d8420